Statistiques concernant Cite une chanson rap fr

Cliquez ici pour prendre le quiz!

Statistiques générales

  • Ce quiz a été pris 114 fois
  • Le résultat moyen est 4 sur 14

Statistiques - réponses

AlbumRappeurChanson% Correct
1994HamzaLife / juste une minute / vibes / pas de remords / mucho love / cash time / godzilla / jodeci mob / silicone / mi gyal / pasadena / monopoly / destiny’s child
74%
R.A.SKalash criminelFamas / tu sais où nous trouver / Makila / Sauvagerie 2 / sale notoriété / carré vip / arrêt du cœur / 10 12 14 bureau / shabba / guedro
60%
Etoile noireLuv ResvalLes borgia / célébration 2 / super saïyen 1 / Tatooine / Super saïyen 2 / picsou / MPC part II / cette fille / les anges / flûte de pan / tout s’en va / jamais revenue / la princesse et le crapaud / j’ai fait un rêve / Hadès / Blue ferrari / Haze / Caramelo / jusqu’au lendemain
52%
Vidalo$$aDossehVoilà pourquoi / Pour vous par nous / MQTB / À chaque jour… / Ma keh à moi / VLT / Sommet / Toit du monde / Princes de la ville / KFC / Jet privé / Paris en août / 45 atmo / La rue c'est rasoir / Habitué / Papillon
51%
Ouest sideBoobaMauvais garçon / Garde la pêche / Le Duc de Boulogne / Boîte vocale / Boulbi / 92izi / Ouais ouais / Pitbull / Je me souviens / Le météore Kore / Au bout des rêves / Gun in Hand / Au fond de la classe / Couleur ébène / Outro
44%
.RAW-ZLaylowHello .RAW-Z / Z-machine / Maladresse / Prince de sang mêlé / Visa / Amy / Bruit de couloir / I don’t : Need U know / vent de l’est / Swish
41%
L’homme au bobGradurCalibré / Terrasser / J’donne ça / jamais / militarizé / bloody murder / R.D.C / priez pour moi / Bang bang / stringer bell / verre de sky / la douille / makak / Secteur / confessions
34%
Orelsan et Gringe sont les Casseurs FlowtersCasseurs Flowters14h58 - Casseurs Flowters Opening / 15h02 - Regarde comme il fait beau (dehors) / 15h45 - Stupide ¡ Stupide ¡ Stupide ¡ / 16h00 - Tu m'dois d'l'oseille / 16h22 - Deux connards dans un abribus / 17h04 - Prends des pièces / 18h30 - Bloqué / 19h26 - La mort du disque / 20h08 - Dans la place pour être / 20h13 - La nouvelle paire / 22h31 - Fais les backs / 01H14 - Couplet de Claude / 01h16 - Les putes et moi / 01h25 - Johnny Galoche / 01h47 - Change de pote / 03h53 - Manger c'est tricher / 04h41 - Greenje et Orselane / 06h16 - Des histoires à raconter
29%
LacrizeomicJulanti bdh / Ça veut ton cash / briganté / je profite / loin / l’histoire / n’imite pas / on survit / posé à la place 2 / pour un rien / regarde pas de travers / ça me dégoûte / sens interdit / t’as coulé / terter / au top / on squatte le béton / neymar
9%
ProlongationsSalifBlack skin / tricar / la rue / dans ce game / itinéraire de voyou / prendre le large / ténébreux récital / journée en enfer / le ciel nous attend / jeunesse 2007-2008 / enfance gâchée / ghetto youth / réveillons nous / ma haine / killbill / fais ce que t’as à faire / pop ce negro / baril de fuel / amateur de brako / capitale du crime / ma jeunesse / hors catégorie / casque intégral / pourquoi / responsable mais pas coupable / mains sales / ma génération / quartier sous pression / anthologie / avec le temps / interdit au moins de 16 / fugazi / bienvenue dans ma rue / bleu blanc rouge / 10 ans plus tard / yo yo / caillera à la muerte
6%
ADNPanama bendeIntro / flex / fêter / molo / mon squad / yuhi / gros plavon / si seulement / pas encore / lunettes de soleil / sommet
6%
Fenêtre sur rueHugo TSRPoint de départ / Ugotrip / Alors dites pas / coma artificiel / la ligne verte / eldorado / interlude / dojo / piège à loup / intact / dégradation / old boy / point final
5%
La main sur le cœurSinikUne époque formidable / 2 victimes 1 coupable / mots pour maux / viens / S.I.N.I.K. / rêves et cauchemars / D3.32 / le même sang / sombre / règlement extérieur / rue du paradis / pardonnez moi / 100 mesures de haine / cœur de pierre / l’assassin / dis leur de ma part
5%
MichtoSeth guekoLe retour du forain / Zdedededex / Tapis Moquette / Gipsy King Kong / Walou Garou / Narvalo de Cologne / Materfuck / Zoogatazblex / Toucher le ciel / Sexationnel / Pass Out / Shalom Salam Salut / Emile LV / Adria music / Bad CowBoy / Avocat Libre / Ocean drive / Lunettes Noires
3%

Distribution des résultats

Percentile par nombre de réponses

% des personnes avec chaque résultat

Votre développement - résultats

Vous n’avez pas pris ce quiz